00621nam a22001937a 450000500170000000800410001704000070005804100080006508200220007310000260009524500550012126000430017630000300021936500240024952000840027365000220035765000220037970000260040120211026101704.0211026b ||||| |||| 00| 0 eng d cAL aeng 223a324.954bLOKI aLok Sabha Secretariat aInto the Third Millennium: A Speakers Perspectives aNew DelhibLok Sabha Secretariatc1998 axxi,472 p.bHBc23x16 cm. b800.00c₹d800.00 aSelection of speeches delivered by the speaker of eleventh Lok Sabha P A Sangma aPolitical Process aPolitical Science aLOK SABHA SECRETARIAT